Normal view
MARC view
- Woodhouse, lain H
Entry Personal Name
001 - CONTROL NUMBER
- control field: 5250
003 - CONTROL NUMBER IDENTIFIER
- control field: OSt
005 - DATE AND TIME OF LATEST TRANSACTION
- control field: 20220826154353.0
008 - FIXED-LENGTH DATA ELEMENTS
- fixed length control field: 220826|| aca||aabn | a|a d
040 ## - CATALOGING SOURCE
- Original cataloging agency: OSt
- Transcribing agency: OSt
100 ## - HEADING--PERSONAL NAME
- Personal name: Woodhouse, lain H
670 ## - SOURCE DATA FOUND
- Source citation: Work cat.: (OSt)17552: Woodhouse, lain H, Introduction to microwave remote sensing
